000 00474cam a2200205u 4500
001 7380175
005 20171219040156.0
008 810313s1940 wiu 000 0 eng
010 _a 40034489
040 _aDLC
_cCarP
_dDLC
041 _aeng
043 _an-us---
080 _a34 JEN
082 _a34 JEN
100 1 _a14
101 _aJUR
245 1 4 _aThe Articles of confederation;
906 _a0
_bcbc
_cpremunv
_du
_encip
_f19
_gy-gencatlg
942 _2ddc
_cBK
999 _c39138
_d39138